FEN KÖYÜ (Record no. 1107413)

MARC details
000 -LEADER
sabit uzunluktaki kontrol alanı 00249nam a2200097Ia 4500
001 - KONTROL NUMARASI
kontrol alanı 1107413
005 - EN SON İŞLEMİN TARİH VE ZAMANI
kontrol alanı 20250827003457.0
008 - SABİT-UZUNLUKTA VERİ ÖĞELERİ--GENEL BİLGİ
sabit uzunluktaki kontrol alanı 250824s9999 xx 000 0 und d
245 #0 - ESER / YAZAR
ESER ADI FEN KÖYÜ
Yazar Adı YUSUF ÇELEBİ İKBAL YILDIRIM
260 ## - YAYIN, DAĞITIM, VB.
YAYIN EVİ MODEL ÇOCUK
Holdings
Düşüm durumu Kayıp durumu Hasar Durumu Ödünç verilmez Ana kütüphane Geçerli Kütüphane Edinilen tarih Toplam ödünç verme sayısı Barkod Son görüntüleme tarihi Fiyatın geçerli olmaya başladığı tarih Koha materyal türü
        SEYİT ULUGÜLYAĞCI İMAM HATİP ORTAOKULU-2 SEYİT ULUGÜLYAĞCI İMAM HATİP ORTAOKULU-2 24.08.2025   10794074 27.08.2025 27.08.2025 Books